[Event "St Petersburg Korchnoi Memorial op"]
[Site "St Petersburg"]
[Date "2023.08.20"]
[Round "4"]
[White "Lezin, Aleksandr"]
[Black "Balyan, Artur"]
[Result "1-0"]
[WhiteElo "1414"]
[BlackElo "1704"]
[PlyCount "67"]
[EventDate "2023.08.18"]
[EventType "swiss"]
[EventRounds "9"]
[EventCountry "RUS"]
[SourceTitle "EXT 2024"]
[Source "ChessBase"]
[SourceDate "2023.10.10"]
[SourceVersion "1"]
[SourceVersionDate "2023.10.10"]
[SourceQuality "1"]

1. e4 e5 2. Nf3 Nc6 3. d4 exd4 4. Nxd4 Nf6 5. Nxc6 bxc6 6. e5 Qe7 7. Qe2 Nd5 8. c4 Ba6 9. g3 g6 10. b3 Bg7 11. Bb2 0-0 12. Bg2 f6 13. Qd2 Nb6 14. 0-0 fxe5 15. Re1 Bb7 16. Qa5 Qf7 17. Re2 d6 18. Nd2 Nd7 19. Qxc7 Nf6 20. Qxd6 Rad8 21. Qc5 e4 22. Nxe4 Nxe4 23. Bxe4 Bxb2 24. Rxb2 Rfe8 25. Re2 Re7 26. Rae1 Rde8 27. Qxa7 Rxe4 28. Rxe4 Rxe4 29. Rxe4 c5 30. f3 Qd7 31. Qb8+ Kf7 32. Rf4+ Ke6 33. Qg8+ Kd6 34. Qf8+ 1-0